Himnos homéricos : Batracomiomaquia

Los Himnos homéricos son una colección de 33 poemas líricos, escritos en el dialecto de la epopeya homérica, dedicados a los dioses o a divinidades menores. Estas composiciones servían de introducción a otras actuaciones; podía ser al recitado de la epopeya o a la actuación de un coro o danza. Eran...

Full description

Bibliographic Details
Main Author: Homero
Other Authors: García Velázquez, Antonia (ed.)
Format: Libro Literatura
Language:Spanish
Published: Madrid: Akal, 2000.
Series:Clásica ; 56
Subjects:
Online Access:

MARC

LEADER 00000cam a2200000 4500
003 UAHC
005 20190828162744.0
008 190827s2000 sp |||| |||| 00| 0 spa |
952 |0 0  |1 0  |2 ddc  |4 0  |6 881_000000000000000_HOM  |7 0  |8 COMP  |9 92721  |a BC  |b BC  |c General  |d 2019-08-28  |o 881 HOM  |p 1471314  |r 2025-11-26 00:00:00  |t c.1  |w 2019-08-28  |y BKL  |A 162  |B LENG 
999 |c 52504  |d 52504 
020 |a 8446010356 
035 |a PEDAGOGÍA 
040 |a UAHC_CL  |c UAHC_CL  |d UAHC_CL 
082 |2 21  |a 881  |b H766 
100 |9 9122  |a Homero 
245 |a  Himnos homéricos :   |b Batracomiomaquia  |c Homero. 
260 |a Madrid:  |b Akal,  |c 2000. 
300 |a 269 p. 
440 |9 9116  |a Clásica  |v ; 56 
520 |a Los Himnos homéricos son una colección de 33 poemas líricos, escritos en el dialecto de la epopeya homérica, dedicados a los dioses o a divinidades menores. Estas composiciones servían de introducción a otras actuaciones; podía ser al recitado de la epopeya o a la actuación de un coro o danza. Eran interpretados por aedos o rapsodos en certámenes profesionales que se realizaban en el contexto de grandes fiestas religiosas. Algunos himnos pueden datarse en el siglo vii a.C., pero otros fueron compuestos siglos después del nacimiento de Cristo. Su extensión varía desde dos o tres versos hasta sobrepasar los quinientos. Generalmente constan de una invocación al dios, un breve (o largo) mito y una fórmula de despedida. La Batracomiomaquia narra el enfrentamiento que tuvo lugar entre las ranas y los ratones. 
650 0 |9 9123  |a Himnos religiosos griegos (clásicos) 
650 0 |9 9124  |a Dioses griegos  |x Poesía 
700 |9 9125  |a García Velázquez, Antonia  |e ed. 
942 |2 ddc  |c BKL